Everyday Indian processed foods (Record no. 9005)

MARC details
000 -LEADER
fixed length control field 00482cam a2200205ua 4500
001 - CONTROL NUMBER
control field 10014
005 - DATE AND TIME OF LATEST TRANSACTION
control field 20260515114544.0
008 - FIXED-LENGTH DATA ELEMENTS--GENERAL INFORMATION
fixed length control field 170315n ii |||gr||||Z||||||eng
020 ## - INTERNATIONAL STANDARD BOOK NUMBER
International Standard Book Number 9788123710358
040 ## - CATALOGING SOURCE
Transcribing agency MAIN
041 ## - LANGUAGE CODE
Language code of text/sound track or separate title eng
082 ## - DEWEY DECIMAL CLASSIFICATION NUMBER
Classification number 641.3
100 ## - MAIN ENTRY--PERSONAL NAME
Personal name Achaya, K.T.,
Relator term Author.
245 ## - TITLE STATEMENT
Title Everyday Indian processed foods
Statement of responsibility, etc. By K.T. Achaya
250 ## - EDITION STATEMENT
Edition statement 5th rep.
260 ## - PUBLICATION, DISTRIBUTION, ETC.
Place of publication, distribution, etc. New Delhi:
Name of publisher, distributor, etc. NBT,
Date of publication, distribution, etc. 2011.
300 ## - PHYSICAL DESCRIPTION
Extent 184p.
653 ## - INDEX TERM--UNCONTROLLED
Uncontrolled term Food & drink
942 ## - ADDED ENTRY ELEMENTS (KOHA)
Koha item type Books
Holdings
Withdrawn status Lost status Damaged status Not for loan Home library Current library Shelving location Date acquired Total checkouts Full call number Barcode Date last seen Copy number Price effective from Koha item type
        Naharkatiya College Library Naharkatiya College Library General stacks 09/19/2020   641.3ACH 21690 09/19/2020 1 09/19/2020 Books